Sparta and Lakonia : a regional history, 1300-362 BC
Saved in:
| Main Author: | |
|---|---|
| Format: | Book |
| Language: | English |
| Published: |
London : Boston :
Routledge and Kegan Paul,
1979
|
| Series: | States and cities of ancient Greece
|
| Subjects: | |
| Tags: |
Add Tag
No Tags, Be the first to tag this record!
|
MARC
| LEADER | 00000cam a2200000 i 4500 | ||
|---|---|---|---|
| 001 | 1/105160 | ||
| 008 | 950609s1979 eng d | ||
| 020 | |a 0-7100-0377-3 | ||
| 035 | |l 10013551 | ||
| 040 | |a GR-MY-UA |b gre |e aacr | ||
| 041 | 0 | |a eng | |
| 082 | 0 | |a 938.25 | |
| 100 | 1 | |a Cartledge, Paul. | |
| 245 | 1 | 0 | |a Sparta and Lakonia : |b a regional history, 1300-362 BC / |c Paul Cartledge |
| 260 | |a London : |a Boston : |b Routledge and Kegan Paul, |c 1979 | ||
| 300 | |a xv, 410 p.; |b maps; |c 23 cm | ||
| 490 | 1 | |a States and cities of ancient Greece | |
| 504 | |a Bibliography: p. 364-383. Includes index | ||
| 651 | 0 | |a Sparta (Extinct city) |x History. | |
| 651 | 0 | |a Lakonia (Greece) |x History. | |
| 852 | |a INST |b LESVOS |e 19950609 |h 938.25 CAR |p 005100005282 |q 005100005282 |t BK |y 0 | ||
| 909 | |a Λ |b 019892 | ||